000 00557nam a22002297a 4500
003 UA-OsUOA
001 42593
007 ta
008 20090227b un ||||| |||| 00| 0 ukr d
100 _aGrekow B.D.
090 _a94(477).02
942 _cBK
040 _aUA-OsUOA
_bger
_cUA-OsUOA
_dUA-OsUOA
245 _aDie Russische Kultur der Kiewer Periode
300 _a118 с.
955 _a1
041 _ager
080 _a94(477).02
260 _aMoskau
_c1947
650 7 _a9 Географія. Біографії. Історія
_2UDC
999 _c441091
_d441091